Estadísticas para Famoso jugador de fútbol - imágenes #3

Haz click aquí para tomar la prueba!

Estadísticas generales

  • Esta prueba ha sido tomada 129 veces
  • La puntuación promedio es 14 de 15

Estadísticas de respuestas

Respuesta% Correcto
David de Gea
100%
Kylian Mbappe
100%
Gerard Piqué
99%
Andres Iniesta
98%
Ronaldo
96%
Ivan Rakitić
95%
Sergio Agüero
94%
Philippe Coutinho
93%
Paulo Dybala
93%
Thierry Henry
92%
Robert Lewandowski
89%
Raheem Sterling
88%
Johan Cruyff
86%
N'Golo Kanté
80%
Eusébio
77%

Distribución de puntuación

Porcentaje por número respondido

Porcentaje de gente con cada puntuación

Historial de tus puntuaciones

No has tomado esta prueba